In The Heights - Characters - Statistics

General Stats
  • This quiz has been taken 72 times
  • The average score is 9 of 12
Answer Stats
Hint Answer % Correct
Coming home from Stanford Nina Rosario
100%
Dreams of DR, runs the bodega Usnavi de la Vega
100%
Dreams of leaving the salon to become a fashion designer Vanessa
98%
Works at the dispatch Benny
95%
Helps run the bodega with the above Sonny
85%
Second member of the trio, in a relationship with the above Carla
73%
Wins $96000 Abuela Claudia
71%
Owner of the salon Daniela
68%
Graffiti artist Graffiti Pete
64%
Owns the dispatch Kevin Rosario
46%
Third member of the trio, works in salon Cuca
42%
Street vendor Piragua guy
34%
No matching quizzes found
Score Distribution
Percent of People with Each Score
Percentile by Number Answered
Your Score History
You have not taken this quiz